Music Quiz

Random Music or Artist Quiz

1990s Song Title Beginnings II Quiz Stats

 Plays Quiz Updated Mar 4, 2019

Score 0/32 Timer 05:00
440 Plays Today
% Correct
Nothing
95.4%
Livin’
94.8%
Breakfast
94.6%
Achy
93.4%
Men
93.3%
Larger
92.9%
Self
92.5%
Baby
92.2%
Put
91.1%
Cotton
90.4%
Man
90.3%
Ready
89.4%
Basket
88%
Whoomp
87.5%
Streets
87.2%
Big
86.6%
% Correct
Ray
85.4%
Scar
85.3%
Tears
84.2%
All
84.1%
Paranoid
82.1%
Return
81.5%
Mysterious
80.6%
Closing
79.1%
Sex
78.6%
Freak
77.8%
Insane
77.6%
Protect
76.3%
Inside
67.5%
Bullet
67.4%
Interstate
60.9%
Flava
50.7%

You're not logged in!

Compare scores with friends on all Sporcle quizzes.
OR
Log In

Sporcle TV

Today on Sporcle TV


Watch our educational content, quiz creation guides, and fun videos on Sporcle TV.

Show Comments

Extras

Top Quizzes Today


Score Distribution

Your Account Isn't Verified!

In order to create a playlist on Sporcle, you need to verify the email address you used during registration. Go to your Sporcle Settings to finish the process.

Report this User

Report this user for behavior that violates our Community Guidelines.

Details: